Τυφώνας Φάλκ

Αποθηκεύτηκε σε:
Λεπτομέρειες βιβλιογραφικής εγγραφής
Κύριος συγγραφέας: Conrad, Joseph, 1857-1924
Άλλοι συγγραφείς: Τερζάκης, Άγγελος, 1907-1979 (Μεταφραστής)
Μορφή: Βιβλίο
Γλώσσα:Greek
Δημοσίευση: Αθήναι : Παπαδημητρίου, [1951]
Σειρά:100 Αθάνατα Έργα ; ; 19
Θέματα:
Ετικέτες: Προσθήκη ετικέτας
Δεν υπάρχουν, Καταχωρήστε ετικέτα πρώτοι!

MARC

LEADER 00000cam a2200000 i 4500
001 1/95931
008 081022s1951 gre d
035 |l 10101100 
040 |a GR-MY-UA  |b gre  |e aacr 
041 0 |a gre 
082 0 |a 813.54  |2 (22) 
100 1 |a Conrad, Joseph,   |d 1857-1924. 
245 1 0 |a Τυφώνας Φάλκ /  |c Τζόζεφ Κόνραντ ; μετάφραση Άγγελου Τερζάκη 
260 |a Αθήναι :   |b Παπαδημητρίου,   |c [1951] 
300 |a 185 σ.;  |c 21 εκ. 
490 1 |a 100 αθάνατα έργα  |v ; 19 
650 0 0 |a American literature  |y 20th century. 
650 0 0 |a American fiction  |x Translations into Greek. 
650 0 0 |a American fiction  |y 20th century. 
700 1 |a Τερζάκης, Άγγελος,   |d 1907-1979.  |4 trl 
830 0 |a 100 Αθάνατα Έργα ;  |v ; 19 
852 |a INST  |b RHODES  |c AKA  |e 20081022  |h  813.54 CON  |p 005400030959  |q 005400030959  |t BK  |y 0 
901 |a BIBL4-2008-3 
909 |a Ρ  |b 153444 
970 |a ΧΑΡΙΟΠΟΛΙΤΟΥ  |b ΚΩΝΣΤΑΝΤΙΝΑ  |z 2008/10/22